000 00797nam a2200205Ii 4500
003 JO-AjNU
008 230605s9999||||xx |||||||||||||| ||und||
040 _aJO-AjNU
_bara
_erda
_cJO-AjNU
041 _aara
050 1 4 _aDS94.8.C3712 1999
100 3 _aكاربييه؛ ترجمة ابوصعب، نبيل؛ تقديم الاطرش، منصور؛ تعقيب ابو فخر، فتحي,
_eauthor
_915995
245 0 0 _aمذكرات الكابتن كاربييه في جبل العرب
250 _aط1
264 3 1 _aدمشق: مكتبة الاسد، 1999
300 _a178ص
_bصور توضيحية
336 _atext
_btxt
_2rdacontent
337 _aunmediated
_bn
_2rdamedia
338 _avolume
_bnc
_2rdacarrier
650 4 _aالكابتن كاربييه- تاريخ- جبل العرب
_915996
999 _aA4644
_c8212
_d8212